| 000 | 01117nam a2200265Ia 4500 | ||
|---|---|---|---|
| 001 | 001.53- COI yv in (6791) | ||
| 003 | IT-MiSPE | ||
| 008 | 171229s9999||||xx |||||||||||||| ||und|| | ||
| 040 |
_aIT-MiSPE _cIT-MiSPE |
||
| 041 | _aITALIANO | ||
| 100 | _aYves Coineau | ||
| 240 | _aLes inventions de la nature et la bionique | ||
| 245 | 0 | _aLe invenzioni della natura e la bionica | |
| 250 | _a1a ed. (v) | ||
| 260 |
_aCinisello Balsamo _bEdizioni Paoline _c1989 |
||
| 300 |
_a97 p. _c28 cm |
||
| 490 |
_aHomo sapiens 2000 _v8 |
||
| 501 | _aEdizioni San Paolo srl - Piazza Soncino, 5 - 20092 CINISELLO BALSAMO (MI) (non commercial uses only) ® Copyright 2018 | ||
| 650 | _aNatura; Bionica | ||
| 700 | _aBiruta Kresling | ||
| 700 | _aTamara Montali | ||
| 942 | _cBK | ||
| 957 | _71 | ||
| 999 |
_a20842 _bNO _g Copie: 1 _c336909 _d336909 |
||